| 000 | 02170ngm a22003490a 4500 | ||
|---|---|---|---|
| 001 | PT34303 | ||
| 003 | AR-LpoUNG | ||
| 005 | 20210202000436.0 | ||
| 007 | vd cvaizq | ||
| 008 | 191001s2008||||mx |||||||||||||||||spa d | ||
| 037 | _c$6.25 | ||
| 040 |
_aAR-LpoUNG _bspa _cAR-LpoUNG _eaacr |
||
| 041 | _aspa | ||
| 044 | _amx | ||
| 082 | 0 | _a808 864dvd | |
| 100 | 1 |
_aLópez, Modesto _edir. |
|
| 245 | 1 | 0 |
_aAntonio Preciado poeta : _bentre cantos y marimbas |
| 260 |
_aMéxico, D. F. : _bPentagrama, _c2008. |
||
| 300 | _aDVD (70 min.) : son., col. | ||
| 505 | 0 | _aDVD acompañado por un CD-Rom | |
| 520 | _aEl documental recorre parte de la vida de Antonio y su poesía, a través de él, la cultura de la provincia de Esmeraldas contada, cantada y bailada a ritmo de marimbas, bombos y cununos, por personajes como: Papá Roncón, Petita Palma y su grupo Tierra Caliente, Agripina Castillo con el grupo Clarinete y Marimba, Rosa Willa con el grupo Las voces del niño Dios, Lindberg Valencia, los raperos Ángel El Perro y Alex Mix", el maestro en tradición oral Juan García, el alcalde del cantón de Esmeraldas Ernesto Estupiñán, el escritor y promotor cultural Juan Montaño y el ex futbolista Italo Estupiñán. Todos ellos son dignos representantes de este combativo pueblo negro que tiene su antecedente más remoto en la llegada del esclavo africano de Cabo Verde, Antón a las costas de Esmeraldas en 1553, quien los guía hacia la libertad, y posteriormente Alonso de Illescas, de Cabo Verde, líder aguerrido y sagaz, quien logra crear la república de los zambos (indios y negros) y llevar adelante una larga resistencia contra el poder español. Estos libertarios participaron en muchas batallas por la independencia y la dignidad de Ecuador, un pueblo negro al que como dice Antonio, trataron de invisibilizar los distintos gobiernos y que hoy más que nunca se levantan para que los veamos y nos reconozcamos en ellos. | ||
| 650 | 4 | _aECUADOR | |
| 650 | 4 | _aINDEPENDENCIA | |
| 650 | 4 | _aLIBERTAD | |
| 650 | 4 | _aLITERATURA | |
| 650 | 4 | _aMUSICA | |
| 650 | 4 | _aPOESIA | |
| 653 | _aDVD | ||
| 653 | _aVIDEOS | ||
| 905 | _a34303 | ||
| 942 | _cDVD | ||
| 999 |
_c54853 _d54853 |
||